Re habitar la ladera / (Registro nro. 8779)

Detalles MARC
000 -CABECERA
Campo de control 01044nam a22002657a 4500
005 - FECHA Y HORA DE LA ULTIMA TRANSACCION
Campo de control 20141110165706.0
008 - ELEMENTOS DE LONGITUD FIJA—INFORMACION GENERAL
Campo de control 141110b2012 ck ||||| |||| 00| 0 spa d
041 ## - IDIOMA
Código de idioma para texto/pista de sonido o título separado Español
044 ## - PAÍS DE PUBLICACIÓN
País de publicación Colombia
082 04 - NUMERO DE CLASIFICACION DECIMAL DEWEY
Número de clasificación 338.98
Número del ítem E18h
100 1# - ASIENTO PRINCIPAL--NOMBRE PERSONAL
Nombre personal Echeverri-Restrepo, Alejandro
245 10 - MENCION DE TITULO
Título Re habitar la ladera /
Parte restante del título Alejandro Echeverri ... [et al]
246 ## - FORMA VARIANTE DEL TITULO
Título propiamente dicho/forma breve del título Shifting ground
260 ## - PUBLICACION, DISTRIBUCION, ETC. (PIE DE IMPRENTA)
Lugar de publicación, distribución, etc. Medellín :
Nombre del editor, distribuidor, etc. Universidad Eafit, Centro de Estudios Urbanos y Ambientales,
-- Harvard University, Harvard Design School, Social Agency Lab,
Fecha de publicación, distribución, etc. 2012.
300 ## - DESCRIPCION FISICA
Extensión 127 p.
Dimensiones 28 cm.
504 ## - NOTA DE BIBLIOGRAFIA, ETC.
Nota de bibliografía Incluye referencias bibliográficas (pag. 126-127)
650 #6 - ASIENTO SECUNDARIO DE MATERIA - TERMINO TEMATICO
Término temático o nombre geográfico como elemento de entrada Ordenamiento territorial
Subdivisión geográfica Medellín (Colombia)
Subdivisión de forma investigaciones
650 #6 - ASIENTO SECUNDARIO DE MATERIA - TERMINO TEMATICO
Término temático o nombre geográfico como elemento de entrada Asentamientos urbanos
Subdivisión de forma investigaciones
650 #4 - ASIENTO SECUNDARIO DE MATERIA - TERMINO TEMATICO
Término temático o nombre geográfico como elemento de entrada Planeación Municipal
Subdivisión geográfica Medellín (Colombia)
700 1# - ASIENTO SECUNDARIO - NOMBRE PERSONAL
Nombre personal Vélez-Villa, Ana Elvira
700 1# - ASIENTO SECUNDARIO - NOMBRE PERSONAL
Nombre personal Wark-Laret, Maya
700 1# - ASIENTO SECUNDARIO - NOMBRE PERSONAL
Nombre personal Orbea-Cevallos, Santiago
700 1# - ASIENTO SECUNDARIO - NOMBRE PERSONAL
Nombre personal Werthmann, Christian
942 ## - ELEMENTOS ADICIONALES (KOHA)
Sistema de clasificación Dewey Decimal Classification
Tipo de ítem Libro
Existencias
Withdrawn status Lost status Sistema de Clasificación Damaged status No para préstamo Colección Inventariado Ubicación Permanente Ubicación actual Fecha de adquisición Fuente de Valor Valor Total Checkouts Número topográfico Inventario / Código de Barras Date last seen Ejemplar Price effective from Forma de adquisición Tipo de material
    Dewey Decimal Classification     General Inventariado 2017 Bogotá Bogotá 10/11/2014 Instituto 39000.00   LB-338.98 E18h 034780 10/11/2014 Ej. 1 10/11/2014   Libro